Anthropological resources: (Record no. 67471)

000 -LEADER
fixed length control field 00523 a2200169 4500
020 ## - INTERNATIONAL STANDARD BOOK NUMBER
ISBN 9781138963603
082 ## - DEWEY DECIMAL CLASSIFICATION NUMBER
Classification number 026.301 025
Item number LEE/A
245 ## - TITLE STATEMENT
Title Anthropological resources:
Sub Title a guide to archival, library and museum collections/
Statement of responsibility, etc by Lee S Dutton (ed.)
260 ## - PUBLICATION, DISTRIBUTION, ETC. (IMPRINT)
Name of publisher Garland publishing,
Place of publication Oxon:
Year of publication 2016.
300 ## - PHYSICAL DESCRIPTION
Number of Pages 517p.
650 ## - SUBJECT ADDED ENTRY--TOPICAL TERM
Topical Term Library Resources Archives
650 ## - SUBJECT ADDED ENTRY--TOPICAL TERM
Topical Term Anthropological Archives
650 ## - SUBJECT ADDED ENTRY--TOPICAL TERM
Topical Term Anthropological Museums
650 ## - SUBJECT ADDED ENTRY--TOPICAL TERM
Topical Term Library Sciences
700 ## - ADDED ENTRY--PERSONAL NAME
Personal name Lee S Dutton (ed.)
942 ## - ADDED ENTRY ELEMENTS (KOHA)
Koha item type Book
Holdings
Withdrawn status Lost status Damaged status Not for loan Permanent Location Current Location Shelving location Date acquired Cost, normal purchase price Full call number Accession Number Price effective from Koha item type
        Sree Sankaracharya University of Sanskrit Sree Sankaracharya University of Sanskrit Reference 27.04.2018 3016.14 R 026.301 025 LEE/A 088968 27.04.2018 Reference